Countries That Are Both Western and Easternmost - Statistics

General Stats
  • This quiz has been taken 72 times
  • The average score is 4 of 5
Answer Stats
Answer % Correct
Russia
97%
United States
94%
Kiribati
72%
New Zealand
68%
Fiji
55%
No matching quizzes found
Score Distribution
Percent of People with Each Score
Percentile by Number Answered
Your Score History
You have not taken this quiz